| 000 | 00786cam a22002651 4500 | ||
|---|---|---|---|
| 001 | sa 67002889 | ||
| 003 | DLC | ||
| 005 | 20260227112334.0 | ||
| 008 | 900111s1966 ii b 000 0 hino | ||
| 010 | _asa 67002889 | ||
| 035 | _a(OCoLC)20877677 | ||
| 040 |
_aDLC _cWaU _dNRU _dDLC |
||
| 042 | _apremarc | ||
| 050 | 0 | 0 |
_aPK2095 _b.M5 1966 |
| 100 | 0 |
_aMīrābāī, _dactive 1516-1546. |
|
| 245 | 1 | 0 |
_aMīrām̐bāī kī padāvalī. _cSampādaka Parśurāma Caturvedī. |
| 250 | _a[13. saṃskaraṇa] | ||
| 260 |
_aPrayāga, _bHindī Sāhitya Sammelana _c[1966] |
||
| 300 |
_a260 p. _c19 cm. |
||
| 440 | 0 | _aSulabha-sāhitya-mālā | |
| 500 | _aIn Hindi. | ||
| 500 | _aWithout music. | ||
| 504 | _aBibliography: p. [253]-260. | ||
| 700 | 1 |
_aCaturvedī, Paraśurāma, _d1894-1979. |
|
| 999 |
_c73504 _d73504 |
||